Voluntary bodies to share £2.4m (Record no. 117011)

MARC details
000 -LEADER
fixed length control field 00994cam a2200229 4500
001 - CONTROL NUMBER
control field WB4006-07
008 - FIXED-LENGTH DATA ELEMENTS--GENERAL INFORMATION
fixed length control field 040211n2004 000 0 eng u
035 ## - SYSTEM CONTROL NUMBER
System control number (Sirsi) u125102
245 ## - TITLE STATEMENT
Title Voluntary bodies to share £2.4m
260 ## - PUBLICATION, DISTRIBUTION, ETC.
Date of publication, distribution, etc. 2004
490 ## - SERIES STATEMENT
Series statement Scottish Executive News Release
Volume/sequential designation (SEC396/2004) 10 February 2004 (4)
520 ## - SUMMARY, ETC.
Summary, etc. New funding has been announced by the Scottish Executive for voluntary groups, to aid work with the homeless. Part of the funding is intended to support people who find it difficult to save the initial deposit needed to rent a home. The Homelessness Task Force has recommended that all local authorities in Scotland offer access to a rent deposit scheme by the end of 2004. http://www.scotland.gov.uk/pages/news/2004/02/SEC3 96.aspx
590 ## - LOCAL NOTE (RLIN)
Local note WB
590 ## - LOCAL NOTE (RLIN)
Local note WB
650 ## - SUBJECT ADDED ENTRY--TOPICAL TERM
Topical term or geographic name entry element SCOTLAND
650 ## - SUBJECT ADDED ENTRY--TOPICAL TERM
Topical term or geographic name entry element HOMELESSNESS
650 ## - SUBJECT ADDED ENTRY--TOPICAL TERM
Topical term or geographic name entry element RENT DEPOSIT SCHEME
650 ## - SUBJECT ADDED ENTRY--TOPICAL TERM
Topical term or geographic name entry element RENTING
650 ## - SUBJECT ADDED ENTRY--TOPICAL TERM
Topical term or geographic name entry element VOLUNTARY SECTOR
690 ## - LOCAL SUBJECT ADDED ENTRY--TOPICAL TERM (OCLC, RLIN)
Topical term or geographic name as entry element HOUSING
942 ## - ADDED ENTRY ELEMENTS (KOHA)
Suppress in OPAC 0
Holdings
Withdrawn status Lost status Source of classification or shelving scheme Damaged status Not for loan Home library Current library Shelving location Date acquired Total Checkouts Full call number Barcode Date last seen Copy number Price effective from Koha item type
    Dewey Decimal Classification     London London News article 11/02/2004   WB4006-07 125102-1001 06/08/2019 1 06/08/2019 News article